Most Viewed YouTube Videos of All Time Quiz Stats

Quiz not verified by Sporcle

Challenge
Share
Tweet
Embed
Score 0/30 Timer 12:00
0 Plays Today
Views, Year of Release Video % Correct
1,531,571,451 views, released in 2012'Gangnam Style' by PSY
79.3%
849,047,059 views, released in 2010'Baby' by Justin Bieber ft. Ludacris
62.1%
663,676,222 views, released in 2011'On The Floor' by Jennifer Lopez ft. Pitbull
37.9%
518,363,964 views, released in 2010'Waka Waka (This Time for Africa)' by Shakira
24.1%
515,993,949 views, released in 2009'Bad Romance' by Lady Gaga
24.1%
554,601,018 views, released in 2010'Love the Way You Lie' by Eminem ft. Rihanna
20.7%
534,244,945 views, released in 2011'Party Rock Anthem' by LMFAO ft. Goon Rock and Lauren Bennett
20.7%
394,494,201 views, released in 2010'Rolling in the Deep' by Adele
20.7%
521,646,455 views, released in 2007Charlie bit my finger - again!
17.2%
402,584,701 views, released in 2010'Not Afraid' by Eminem
17.2%
442,965,775 views, released in 2012'Call Me Maybe' by Carly Rae Jespen
13.8%
438,672,887 views, released in 2010'Danza Kuduro' by Don Omar ft. Lucenzo
13.8%
400,764,792 views, released in 2011'Rain Over Me' by Pitbull ft. Marc Anthony
13.8%
361,675,967 views, released in 2010'Firework' by Katy Perry
13.8%
328,111,667 views, released in 2009'Party in the USA' by Miley Cyrus
13.8%
Views, Year of Release Video % Correct
301,321,554 views, released in 2010'What's My Name?' by Rihanna ft. Drake
13.8%
271,775,161 views, released in 2010'Only Girl (In The World)' by Rihanna
13.8%
494,894,102 views, released in 2011'Ai Se Eu Te Pego' by Michel Teló
10.3%
392,202,858 views, released in 2012'Somebody That I Used To Know' by Gotye ft. Kimbra
10.3%
367,121,549 views, released in 2011'What Makes You Beautiful' by One Direction
10.3%
328,250,646 views, released in 2011'Super Bass' by Nicki Minaj
10.3%
319,881,143 views, released in 2009'One Time' by Justin Bieber
10.3%
318,921,919 views, released in 2007'The Gummy Bear Song - Long English Version'
10.3%
294,476,578 views, released in 2010'Grenade' by Bruno Mars
10.3%
290,356,450 views, released in 2010'Just The Way You Are' by Bruno Mars
10.3%
264,516,339 views, released in 2011'Someone Like You' by Adele
10.3%
385,267,484 views, released in 2011'Never Say Never' by Justin Bieber ft. Jaden Smith
6.9%
337,432,280 views, released in 2012'오빤 딱 내 스타일 (Oppa Is Just My Style)' by PSY ft. Hyuna
6.9%
284,075,993 views, released in 2011'Give Me Everything' by Pitbull ft. Ne-Yo, Nayer, and Afrojack
6.9%
This one looked too creepy from the chart. I am not including it because it looks creepy, and I don't want to find out what it actually is.
3.4%

You're not logged in!

Compare scores with friends on all Sporcle quizzes.
Sign Up with Email
OR
Log In

You Might Also Like...

Show Comments

Extras

Top Quizzes Today


Score Distribution

Your Account Isn't Verified!

In order to create a playlist on Sporcle, you need to verify the email address you used during registration. Go to your Sporcle Settings to finish the process.